| 000 | 00459nam a2200121 a 4500 | ||
|---|---|---|---|
| 001 | 4144 | ||
| 005 | 20140414131939.0 | ||
| 008 | 090317s19uu xx 00 eng d | ||
| 050 |
_aTR 372.4 _bOr3 2003 |
||
| 100 | _aOrehovec, Barbara | ||
| 245 |
_aRevisiting the reading workshop : _bmanagement, mini-lessons, and strategies : a complete guide to organizing and managing an effective reading workshop that builds independent, strategic readers. |
||
| 999 |
_c112532 _d112532 |
||